| 000 | 00740nam a22001697a 4500 | ||
|---|---|---|---|
| 999 |
_c80408 _d80408 |
||
| 008 | 201130b ||||| |||| 00| 0 eng d | ||
| 040 |
_bger _cSTAFF _erda _aISIL EINTRAGEN |
||
| 041 | _ager | ||
| 100 | _aMatthes, Ina | ||
| 245 |
_aDienstleister, nicht nur Lobbyist: _bOstbrandenburg: Uwe Hoppe, der Hauptgeschäftsführer der Handwerkskammer in Frankfurt (Oder), geht in Rente. Der Abschied fällt anders aus als geplant / _cIna Matthes |
||
| 600 | _2Junghanns, Andrea <Leiterin Kita St. Georg> | ||
| 773 |
_dFrankfurt (Oder): Märkisches Verlags- und Druckhaus GmbH & Co KG _g31. Jahrgang (2020) Nr. 294 vom 17.12.2020, S. 7. _tMärkische Oderzeitung |
||
| 942 | _cA | ||